Chemical reaction engineering (Record no. 18666)

000 -LEADER
fixed length control field 00567nam a22001931 4500
001 - CONTROL NUMBER
control field 18666
003 - CONTROL NUMBER IDENTIFIER
control field BD-DhUET
008 - FIXED-LENGTH DATA ELEMENTS--GENERAL INFORMATION
fixed length control field 840403s1962 nyua b 000 0 eng c
040 ## - CATALOGING SOURCE
Original cataloging agency DLC/ICU
Transcribing agency DLC
Modifying agency BD-DhUET
082 0# - DEWEY DECIMAL CLASSIFICATION NUMBER
Classification number 660.299
Item number LEV/1964
100 ## - MAIN ENTRY--PERSONAL NAME
Personal name Levenspiel, Octave
245 10 - TITLE STATEMENT
Title Chemical reaction engineering
Remainder of title an introduction to the design of chemical reactors
250 ## - EDITION STATEMENT
Edition statement 1st ed.
260 ## - PUBLICATION, DISTRIBUTION, ETC. (IMPRINT)
Place of publication, distribution, etc. New York
Name of publisher, distributor, etc. John Wiley & Sons
Date of publication, distribution, etc. 1962
300 ## - PHYSICAL DESCRIPTION
Extent xv, 501 p.
Other physical details illus.
Dimensions 24 cm.
504 ## - BIBLIOGRAPHY, ETC. NOTE
Bibliography, etc Includes bibliographies
650 #0 - SUBJECT ADDED ENTRY--TOPICAL TERM
Topical term or geographic name as entry element Chemical engineering
942 ## - ADDED ENTRY ELEMENTS (KOHA)
Koha item type General Book
Holdings
Shelving location Damaged status Copy number Date acquired Koha date last borrowed Koha normalized classification for sorting Koha date last seen Location (home branch) Not for loan Withdrawn status Koha item type Lost status Sublocation or collection (holding branch) Price effective from Piece designation (barcode) Koha issues (times borrowed) Source of classification or shelving scheme Koha full call number
Circulation section 12015-03-31 660_299000000000000_LEV_19672015-03-31Central Library, BUET  General Book Central Library, BUET2015-03-3117501  660.299/LEV/1967
Circulation section 22015-03-31 660_299000000000000_LEV_19672015-03-31Central Library, BUET  General Book Central Library, BUET2015-03-3117821  660.299/LEV/1967
Circulation section 32015-03-31 660_299000000000000_LEV_19672015-03-31Central Library, BUET  General Book Central Library, BUET2015-03-3117822  660.299/LEV/1967
Circulation section 42015-03-31 660_299000000000000_LEV_19672015-03-31Central Library, BUET  General Book Central Library, BUET2015-03-314402  660.299/LEV/1967
Circulation section 52015-03-31 660_299000000000000_LEV_19672015-03-31Central Library, BUET  General Book Central Library, BUET2015-03-3120932  660.299/LEV/1967
Circulation section 62015-04-012023-12-05660_299000000000000_LEV_19642023-12-18Central Library, BUET  General Book Central Library, BUET2015-04-01175021 660.299/LEV/1964
Circulation section 72015-04-012019-05-05660_299000000000000_LEV_19642020-01-25Central Library, BUET  General Book Central Library, BUET2015-04-01125421 660.299/LEV/1964
Reading section 82015-06-18 660_299000000000000_LEV_19642015-06-18Central Library, BUET  Reading Item Central Library, BUET2015-06-1836300  660.299/LEV/1964